|
|
|
|
| LEADER |
00000cam a2200000 a 4500 |
| 001 |
66912 |
| 005 |
20230308162104.0 |
| 008 |
996062| ||||||||r|||||||||||spa|| |
| 040 |
|
|
|b spa
|
| 041 |
1 |
|
|a spa
|
| 082 |
0 |
|
|a 843.7
|
| 100 |
1 |
|
|a De Balzac, Honoré.
|d 1799-1850
|9 6005
|
| 245 |
|
|
|a La comedia humana
|c Honorato de Balzac. Edición Preparada por Augusto Escarpizo, Traducción de Juan Godo Costa
|h imp
|n tomo 1
|
| 264 |
|
|
|a Barcelona
|b Lorenzana
|c s.f.
|
| 300 |
|
|
|a 446 páginas:
|c 17 cm
|
| 504 |
|
|
|a incl. ref.
|
| 505 |
0 |
|
|a Las obras: La casa del Gato que juega a la pelota.- El baile de Sceaux.- Memorias de dos jóvenes esposas.- La bolsa
|
| 650 |
|
|
|a Novela francesa
|9 5028
|
| 852 |
|
|
|a UC-CDJBV
|c ESTANTERIA CERRADA
|f Compra
|k lucia.mora
|l 1
|m Limitada
|p 19960626
|t 66912
|b 1
|d CDRC
|e CDRC
|g 843.7 ESTANTERIA CERRADA
|z 1996-60-62
|
| 942 |
|
|
|c BK
|
| 999 |
|
|
|c 16832
|d 16832
|